LEADER 01102nam a2200289 i 4500 001 991002941009707536 005 20021022144208.0 008 960610s1981 it ||| | ita 035 $ab11731576-39ule_inst 035 $aLE021FD223254$9ExL 040 $aDip. SSSC$bita 082 0 $a782 100 1 $aPignatti, Terisio$037916 245 10$aGran teatro La Fenice /$ca cura di T. Pignatti ; con note storiche di P. Cossato, E. Martinelli Pedrocco, F. Pedrocco 260 $aVenezia :$bMarsilio,$c1981 300 $a78 p., 24 c. di tav. ;$c21 cm. 500 $aIn testa al front. : Associazione Amici della Fenice. 650 4$aVenezia$xTeatro La Fenice$xSaggi 700 1 $aCossato, Paolo 700 1 $aMartinelli Pedrocco, Elisabetta 700 1 $aPedrocco, Filippo 907 $a.b11731576$b21-09-06$c24-10-02 912 $a991002941009707536 945 $aLE021FD TI18D14$g1$iLE021FD-2383$lle023$nFondo D'Amico$o-$pE0.00$q-$rn$so $t0$u0$v0$w0$x0$y.i11971502$z24-10-02 996 $aGran teatro La Fenice$9903092 997 $aUNISALENTO 998 $ale021$b10-06-96$cm$da $e-$fita$git $h0$i1 LEADER 01071nam0 22002891i 450 001 UON00139954 005 20231205102837.152 100 $a20020107f19071908 |0itac50 ba 101 $aeng$aJPN 102 $aJP 105 $a|||| 1|||| 200 1 $aPoor Richard's almanac$fBenjamin Franklin$gSugano Tokusuke, Nagura Jiro 210 $aTokyo$cSanseido$d1907 215 $a90 p.$d15 cm 410 1$1001UON00135544$12001 $aJuvenile english literature$v7 620 $aJP$dTo?kyo?$3UONL000031 686 $aT.G.$cTesti - Giapponesi$2A 700 1$aFRANKLIN$bBenjamin$3UONV084806$056881 702 0$aNAGURA Jiro$3UONV084797 702 0$aSUGANO Tokusuke$3UONV084601 712 $aSanseido$3UONV246384$4650 801 $aIT$bSOL$c20240220$gRICA 899 $aSIBA - SISTEMA BIBLIOTECARIO DI ATENEO$2UONSI 912 $aUON00139954 950 $aSIBA - SISTEMA BIBLIOTECARIO DI ATENEO$dSI T.G. 184 (7) $eSI MR 20540 5 996 $aPoor Richard's almanac$91278928 997 $aUNIOR